Statistics for Naruto Characters by Picture (Hard)

Click here to take the quiz!

General Stats

  • This quiz has been taken 542 times
  • The average score is 70 of 152

Answer Stats

Answer% Correct
Naruto
100%
Kakashi
98%
Lee
98%
Sakura
98%
Sasuke
98%
Hinata
95%
Neji
95%
Tenten
94%
C
93%
Gaara
92%
Ino
92%
Sai
92%
Shikamaru
92%
A
91%
A
91%
Itachi
91%
Minato
90%
Tsunade
90%
Choji
89%
Madara
89%
Guy
88%
Jiraiya
88%
Obito
88%
Orochimaru
87%
Kiba
82%
Nagato
82%
Asuma
80%
Deidara
80%
Tobirama
80%
Hashirama
79%
Yamato
79%
Kabuto
78%
Killer B
78%
Rin
78%
Shin
78%
Temari
77%
Akamaru
75%
Kurama
75%
Kisame
74%
Shino
74%
Shisui
74%
Zetsu
74%
Kushina
73%
Sasori
73%
Hidan
72%
Zabuza
71%
Iruka
70%
Konan
70%
Karin
68%
Hiruzen
67%
Konohamaru
66%
Kurenai
66%
Dan Kato
64%
Danzo
63%
Kankuro
60%
Haku
58%
Kaguya
58%
Kakuzu
58%
Han
56%
Chiyo
51%
Yahiko
51%
Shikaku
48%
Suigetsu
48%
Jugo
46%
Indra
44%
Son Goku
44%
Fu
43%
Fuu
43%
Shizune
43%
Asura
42%
Hana
42%
Mei Terumi
42%
Shukaku
42%
Hagoromo
41%
Juubi
41%
Kimimaro
41%
Hanabi
40%
Hanzo
39%
Gamabunta
38%
Anko
37%
Mito
34%
Darui
33%
Gamakichi
33%
Kin
33%
Tonton
33%
Ebisu
32%
Onoki
32%
Ao
29%
Choza
29%
Inoichi
29%
Fugaku
28%
Izuna
28%
Matatabi
28%
Pakkun
28%
Utakata
26%
Kinkaku
25%
Ginkaku
24%
Might Duy
24%
Manda
23%
Tayuya
23%
Baki
22%
Mu
22%
Saiken
22%
Gyuki
21%
Ibiki
21%
Sakon & Ukon
21%
Sakumo
21%
Genma
20%
Hiashi
20%
Isobu
20%
Udon
20%
Yagura
20%
Yugito Nii
20%
Chomei
19%
Hizashi
19%
Jirobo
19%
Katsuyu
19%
Moegi
19%
Enma
18%
Hamura
18%
Hayate
18%
Roshi
18%
Kokuo
17%
Chojuro
16%
Karui
16%
Kidomaru
16%
Mifune
16%
Gamatatsu
15%
Mikoto
15%
Omoi
15%
Rasa
15%
Samui
15%
Aoba
14%
Aoda
14%
Kotetsu
12%
Kurotsuchi
12%
Zaku
12%
Gamaken
11%
Torune
11%
Dosu
10%
Fukasaku
10%
Izumo
10%
Nawaki
10%
Akatsuchi
8%
Ebizo
8%
Gamahiro
8%
Gamamaru
7%
Gengetsu
6%
Raido
6%
Shima
6%
Tsume
5%
Mabui
4%

Score Distribution

Percentile by Number Answered

Percent of People with Each Score

Your Score History

You have not taken this quiz